000 00563nam a2200205Ia 4500
005 20250326143201.0
008 250326s9999 xx 000 0 und d
020 _a81-261-1272-7
037 _aTextbook
040 _aFMSL
_beng
_cFMSL
041 _aeng
_2eng
084 _aXobT.44 P2
_qFMSL
100 _aSrivastava S.s
245 0 _aDevelopment of management education in India
_cSrivastava S.s
250 _a1
260 _aNew Delhi
_bNew Delhi, Anmol
_c2002
300 _axi,127
942 _cTB
_hXobT.44 P2
999 _c1298488
_d1298488